| 000 | 00620nam a22001817a 4500 | ||
|---|---|---|---|
| 005 | 20251108164220.0 | ||
| 008 | 250721s1989 xx 000 0 ara d | ||
| 082 | 1 | 4 | _a327.16/عبد |
| 100 | 1 | _aعبد الله، عبد الخالق | |
| 245 | 1 | 0 | _aالعالم المعاصر و الصراعات الدولية / |
| 264 | 1 |
_aالكويت : _bالمجلس الوطني للثقافة و الفنون و الآداب، _c1989. |
|
| 300 | _a268ص | ||
| 490 | 0 | _aعالم المعرفة ؛ 133 | |
| 650 | 1 | 7 | _aالعلاقات الدولية |
| 650 | 1 | 7 | _aالصراع الدولي |
| 942 |
_2ddc _cBK |
||
| 999 |
_c6589 _d6589 |
||